El código civil interpretado y aplicado por la Corte Suprema (Registro nro. 24826)

Detalles MARC
000 -Cabecera
Campo de control interno 00423nam a2200169Ia 4500
005 - Fecha y hora del registro
control field 20260414151109.0
008 - Elementos de Longitud Fija
fixed length control field 260414t2023||||xx |||||||||||||| ||spa||
041 ## - Idioma
Codigo Idioma ESP
082 ## - DEWEY y NOTACIÓN INTERNA
Dewey 346
Notación Interna D84 T. 1
245 #0 - TÍTULO DE MATERIAL BIBLIOGRÁFICO
Título El código civil interpretado y aplicado por la Corte Suprema
Título paralelo
260 ## - CIUDAD, EDITORIAL, AÑO
Año 2023
300 ## - DESCRIPCIÓN
N° Páginas 1182 páginas :
Dimensiones 25 cm.
650 ## - TEMAS
Temas Derecho
654 ## - PROGRAMAS
Programa Dpto. de Derecho y Ciencia Política
942 ## - ELEMENTOS DE KOHA
Tipo de documento Libro
Nombre del creador Justo Noguera
Código de catalogador Justo Noguera
Esquema de clasificación Dewey Decimal Classification
Suppress in OPAC
Existencias
Codigo completo Registro Colección Copia número Disponibilidad Tipo de préstamo Biblioteca Actual Procedencia (Biblioteca) Ubicacón Fecha Ingreso Tipo de Adquisición Date last seen Total checkouts Price effective from Tipo de Item Estado del Material Damaged status Withdrawn status
346 D84 T. 1 1080095 Universidad Católica San Pablo 1 Disponible Disponible Víctor Andrés Belaunde Víctor Andrés Belaunde Primer piso 14/04/2026 Compra 14/04/2026   14/04/2026 Libro Bueno